Jugadores de la selección española desde el año 2000 - Estadísticas

Estadísticas generales
  • Esta prueba ha sido intentada 901 veces
    853 desde el último reinicio
  • La puntuación promedio es 75 de 241
Estadísticas de respuestas
Equipo Jugador % Correcto
Valencia Curro Torres
88%
Atlético Fernando Torres
88%
Barcelona Iniesta
88%
Zaragoza Villa
88%
Barcelona Xavi
88%
Espanyol Casilla
87%
Sevilla Sergio Ramos
87%
Barcelona Piqué
85%
Real Sociedad Xabi Alonso
84%
Barcelona Busquets
81%
Barcelona Puyol
81%
Rayo Vallecano Diego Llorente
77%
Real Madrid Raúl
77%
Real Madrid Raúl Bravo
77%
Atlético Raúl García
77%
Barcelona Victor Valdés
77%
Celta Iago Aspas
75%
Juventus Morata
75%
Barcelona Pedro
74%
Real Madrid Carvajal
71%
Barcelona Pedri
71%
Liverpool Reina
71%
Valencia Silva
70%
Manchester United De Gea
69%
Valencia Jordi Alba
69%
Athletic | Atlético Llorente
69%
Atlético Koke
68%
Villarreal Rodri Hernández
67%
Deportivo Capdevila
66%
Sevilla Jesús Navas
66%
Betis Joaquín
66%
Málaga Isco
65%
Arsenal Cesc Fábregas
64%
Atlético Diego Costa
63%
Getafe Jaime Mata
61%
Real Madrid Casillas
60%
Athletic Javi Martínez
60%
Liverpool Arbeloa
59%
Valencia Mata
58%
Athletic Unai Simón
58%
Valencia Albiol
57%
Barcelona Sergi
56%
Barcelona Sergi Roberto
56%
Barcelona Dani
54%
Deportivo Diego Tristán
54%
Espanyol Asensio
53%
Real Sociedad Iñigo Martínez
53%
Villarreal Marcos Senna
53%
Real Sociedad Oyarzabal
53%
Valencia Cañizares
52%
Real Madrid Nacho
52%
Manchester City Ferran Torres
50%
Villarreal Cazorla
49%
Real Madrid Hierro
49%
Manchester City Laporte
49%
Athletic Williams
49%
Villarreal Diego López
48%
Chelsea Azpilicueta
47%
Nápoles Fabián Ruiz
47%
Valencia Marchena
47%
Villarreal Unai
47%
Valencia Aduriz
46%
Barcelona Ansu Fati
45%
Sevilla Javi Navarro
45%
Athletic Kepa
45%
Real Madrid Lucas Vázquez
45%
Valencia Gayá
44%
Sevilla Alberto Moreno
43%
Atlético Antonio López
43%
Alavés Javi Moreno
43%
Atlético Saúl
43%
Valencia Juan Sánchez
42%
Real Sociedad Merino
41%
Valencia Rodrigo
41%
Wolverhampton Adama
40%
Benfica Javi García
40%
Athletic Muniain
40%
Valencia Parejo
40%
Mallorca Güiza
39%
Villarreal Borja Valero
37%
Real Sociedad Zubimendi
37%
Betis Canales
36%
Barcelona Luis Enrique
36%
Real Madrid Morientes
36%
Barcelona Thiago
36%
Valencia Albelda
35%
Real Madrid Guti
35%
Atlético | Celta Juanfran
35%
Milan Brahim
33%
Barcelona Guardiola
33%
Sevilla Negredo
33%
Villarreal Pau Torres
33%
Sporting Portugal Pedro Porro
33%
Espanyol Sergio
33%
Osasuna Soldado
33%
Barcelona Bartra
32%
Nápoles Callejón
32%
Barcelona Gerard
32%
Villarreal Gérard Moreno
32%
PSG Sarabia
32%
Getafe Cucurella
31%
Real Madrid Míchel Salgado
31%
Atlético Pablo Ibáñez
30%
Manchester City Eric García
29%
Valencia Pablo Hernández
29%
Valencia Alcácer
28%
Real Madrid Ceballos
28%
Deportivo Valerón
28%
Arsenal Bellerín
27%
Chelsea Marcos Alonso
26%
Arsenal Reyes
26%
Espanyol Tamudo
26%
Deportivo Fran
25%
Swansea Michu
25%
Racing Munitis
25%
Celta Nolito
25%
Manchester United Ander Herrera
24%
Barcelona Bojan
24%
Real Sociedad Illarramendi
24%
Lazio Luis Alberto
24%
Getafe Manu del Moral
24%
Osasuna Monreal
24%
Valencia Baraja
23%
Eibar Bryan Gil
23%
Valencia Mendieta
23%
Barcelona Munir
23%
Everton Deulofeu
22%
Tottenham Reguilón
22%
Athletic San José
22%
Villarreal Bruno
21%
Villarreal Mario Gaspar
21%
Real Sociedad Odriozola
21%
Milan Suso
21%
Getafe De la Red
20%
Betis Beñat
19%
Real Madrid Helguera
19%
Sporting Braga Abel Ruiz
18%
Celta Brais Méndez
18%
Deportivo | Real Madrid César
18%
Athletic Iraola
18%
Betis Juanito
18%
Valencia Vicente
18%
Espanyol De La Peña
17%
Las Palmas Jonathan Viera
17%
Espanyol | Liverpool Luis García
17%
Athletic Susaeta
17%
Mallorca Fernado Navarro
16%
Atlético Mario Suárez
16%
Deportivo | Valladolid Víctor
16%
Valencia Bernat
15%
Wolverhampton Jonny Otto
15%
Mallorca Nadal
15%
Leganés Óscar Rodríguez
15%
Sevilla Puerta
15%
Barcelona Abelardo
14%
Levante Campaña
14%
Valencia Guillamón
14%
Málaga | Zaragoza Juanmi
14%
Barcelona Mingueza
14%
Espanyol Oscar Gil
14%
Celta Ángel
13%
Villarreal Asenjo
13%
Athletic Guerrero
13%
Espanyol Hermoso
13%
Athletic Iturraspe
13%
Getafe Pernía
13%
Sevilla Sergio Rico
13%
Málaga Fornals
12%
Espanyol Luque
12%
Atlético Adrián
11%
Athletic Del Horno
11%
Athletic Etxeberria
11%
Deportivo Manuel Pablo
11%
Atlético Molina
11%
Sevilla Vitolo
11%
Barcelona Alfonso
10%
Huesca Álvaro Fernandez
10%
Málaga Camacho
10%
Villarreal Denis Suárez
10%
Chelsea Ferrer
10%
Barcelona Gabri
10%
Atlético Kiko
10%
Betis Miranda
10%
Valencia Mista
10%
Espanyol Puado
10%
Barcelona Tello
10%
Athletic Aranzubía
9%
Sevilla Capel
9%
Betis Pau López
9%
Athletic Urzaiz
9%
Sevilla Aleix Vidal
8%
Fiorentina Amor
8%
Valencia Angulo
8%
Real Sociedad De Pedro
8%
Real Madrid Iván Campo
8%
Espanyol Riera
8%
Racing Salva
8%
Athletic Unai Núñez
8%
Celta Beltrán
7%
Betis Capi
7%
Athletic Alkorta
6%
Real Madrid Blanco
6%
Atlético Domínguez
6%
Athletic Etxeita
6%
Deportivo Romero
6%
Roma Villar
6%
Celta Catanha
5%
Athletic Ezquerro
5%
Milán José Mari
5%
Athletic Orbaiz
5%
Valladolid Ricardo
5%
Málaga Rufete
5%
Real Sociedad Aranzabal
4%
Real Madrid Celades
4%
Málaga Contreras
4%
Valencia Farinós
4%
Sporting Manu García
4%
Newclastle Marcelino
4%
Celta Oubiña
4%
Zaragoza Paco Jémez
4%
Eibar Pozo
4%
Alavés Téllez
4%
Athletic Alkiza
3%
Mallorca Engonga
3%
Villarreal Guayre
3%
Leipzig Josep Martinez
3%
Real Sociedad López Rekarte
3%
Athletic Tiko
3%
Atlético Toni
3%
Atlético Aguilera
2%
Rayo Vallecano Cembranos
2%
Betis Ito
2%
Zaragoza José Ignacio
2%
Atlético García Calvo
1%
Zaragoza Marcos Vales
1%
No se encontraron pruebas coincidentes
Distribución de puntuación
Porcentaje de gente con cada puntuación
Porcentaje por número respondido
Historial de tus puntuaciones
No has intentado esta prueba desde el último reinicio